桑名駅から出ている行き先 - Statistics

General Stats
  • This quiz has been taken 115 times
  • The average score is 20 of 29
Answer Stats
Answer % Correct
名古屋
96%
近鉄名古屋
94%
92%
四日市
89%
近鉄四日市
88%
松阪
88%
亀山
87%
鳥羽
86%
鳥羽
86%
賢島
86%
宇治山田
85%
大阪難波
83%
伊勢市
82%
大垣
82%
伊勢中川
81%
新宮
80%
津新町
76%
五十鈴川
73%
紀伊勝浦
71%
大阪上本町
71%
富吉
60%
塩浜
56%
白塚
51%
阿下喜
48%
東員
35%
楚原
27%
美濃松山
20%
駒野
19%
大泉
19%
No matching quizzes found
Score Distribution
Percent of People with Each Score
Percentile by Number Answered
Your Score History
You have not taken this quiz